[Event "SV Rochade Eving 1 - SV Welper 2"]
[Site "Verbandsklasse, Gruppe 1 2017"]
[Date "2017.11.05"]
[Round "3.5"]
[White "Wallhof, Dieter"]
[Black "Jaehnicke, Karl-Heinz"]
[Result "1-0"]
[WhiteElo "1887"]
[BlackElo "1764"]
[PlyCount "65"]
[EventDate "2017.??.??"]

1. d4 d5 2. Nf3 Nf6 3. e3 g6 4. c4 e6 5. Nc3 c6 6. Qc2 Bg7 7. b3 O-O 8. Bb2
Nbd7 9. Be2 Re8 10. O-O a6 11. Rfd1 Qc7 12. Rac1 Qd6 13. Ne5 Qe7 14. f4 Nxe5
15. dxe5 Nd7 16. e4 dxc4 17. Bxc4 b5 18. Bf1 f6 19. Ne2 c5 20. exf6 Bxf6 21.
Bxf6 Nxf6 22. Qxc5 Qxc5+ 23. Rxc5 Nxe4 24. Re5 Bb7 25. Rd4 Nf6 26. Rd6 Bd5 27.
Nc3 Rec8 28. Nxd5 exd5 29. Rxf6 Rc1 30. Rd6 Rac8 31. Rexd5 Kg7 32. Kf2 Ra1 33.
Rxa6 1-0

[Event "SV Rochade Eving 1 - SV Welper 2"]
[Site "Verbandsklasse, Gruppe 1 2017"]
[Date "2017.11.05"]
[Round "3.6"]
[White "Regber, Karl-Heinz"]
[Black "Kleff, Tim"]
[Result "1/2-1/2"]
[WhiteElo "1615"]
[BlackElo "1770"]
[PlyCount "105"]
[EventDate "2017.??.??"]

1. Nf3 d5 2. g3 Nf6 3. Bg2 Bf5 4. d3 e6 5. O-O Nbd7 6. Nbd2 Rc8 7. Qe1 e5 8. e4
dxe4 9. dxe4 Be6 10. Qe2 Bd6 11. h3 Qe7 12. Ng5 Nf8 13. Nxe6 Nxe6 14. c3 O-O
15. Nc4 Rfd8 16. Nxd6 Qxd6 17. Be3 Qd3 18. Qxd3 Rxd3 19. Rfe1 Rcd8 20. Bf1 R3d6
21. Bg2 h6 22. f4 exf4 23. gxf4 Nh5 24. e5 Rd3 25. f5 Nef4 26. e6 Nxg2 27. Kxg2
fxe6 28. fxe6 Re8 29. Bc1 Rd6 30. Re5 Nf6 31. Bf4 Rdxe6 32. Rxe6 Rxe6 33. Bxc7
Re2+ 34. Kf3 Rxb2 35. Be5 Rc2 36. a4 Kf7 37. Bd4 g5 38. Rb1 b6 39. a5 Nd5 40.
axb6 axb6 41. Rb3 h5 42. Ke4 Ke6 43. c4 Rxc4 44. Kd3 Rc6 45. Ke4 h4 46. Rb5 Rd6
47. Kf3 Kf5 48. Bxb6 Rxb6 49. Rxd5+ Kg6 50. Rd4 Rb3+ 51. Kg2 Rg3+ 52. Kh2 Kf5
53. Ra4 1/2-1/2

[Event "SV Rochade Eving 1 - SV Welper 2"]
[Site "Verbandsklasse, Gruppe 1 2017"]
[Date "2017.11.05"]
[Round "3.8"]
[White "Regber, Werner"]
[Black "Hoettler, Alexander Walter"]
[Result "1-0"]
[WhiteElo "1776"]
[BlackElo "1621"]
[PlyCount "61"]
[EventDate "2017.??.??"]

1. d4 Nf6 2. c4 c5 3. d5 b5 4. cxb5 a6 5. bxa6 g6 6. Nc3 Bg7 7. e4 O-O 8. Nf3
Qa5 9. Bd2 Nxa6 10. Be2 d6 11. h3 Nd7 12. O-O Nc7 13. a4 Ba6 14. Ra3 c4 15. Nb5
Qb6 16. Bxc4 Bxb5 17. axb5 Bxb2 18. Rxa8 Rxa8 19. Be3 Nc5 20. Qe2 Bg7 21. Rc1
Ra1 22. Rxa1 Bxa1 23. Qa2 Bf6 24. Nd2 Bc3 25. Nb3 Nxb5 26. Nxc5 dxc5 27. Qb3
Bb4 28. Qxb4 cxb4 29. Bxb6 Nd6 30. Bd3 b3 31. Bc5 1-0

[Event "SV Hamm 2 - FS Dortmund 1"]
[Site "Verbandsklasse, Gruppe 1 2017"]
[Date "2017.11.05"]
[Round "3.1"]
[White "Reichmann, Oleg"]
[Black "Woertler, Lars-Erik"]
[Result "1-0"]
[WhiteElo "1988"]
[BlackElo "1843"]
[PlyCount "69"]
[EventDate "2017.??.??"]

1. Nf3 Nf6 2. g3 d5 3. Bg2 c6 4. d3 Bf5 5. O-O e6 6. Nbd2 Be7 7. h3 h6 8. Qe1
O-O 9. e4 Bh7 10. Qe2 Na6 11. a3 Nc5 12. e5 Nfd7 13. Nh2 Qb6 14. Kh1 a5 15. f4
Rfe8 16. g4 Bf8 17. Ndf3 Qc7 18. g5 Bg6 19. gxh6 gxh6 20. Nh4 Kh7 21. Ng4 Bg7
22. Bd2 a4 23. Rae1 Qd8 24. Qf2 Bf5 25. Nxf5 exf5 26. Ne3 Rg8 27. Nxf5 Bf8 28.
Nd4 Be7 29. f5 Bh4 30. Qe3 Bg5 31. Qe2 Nxe5 32. f6 Bxd2 33. Qxd2 Ng6 34. Nf5
Qf8 35. Re7 1-0

[Event "SV Hamm 2 - FS Dortmund 1"]
[Site "Verbandsklasse, Gruppe 1 2017"]
[Date "2017.11.05"]
[Round "3.2"]
[White "Mustafic, Mustafa"]
[Black "Brendemuehl, Bernd"]
[Result "0-1"]
[WhiteElo "1738"]
[BlackElo "1882"]
[Annotator "Daniel"]
[PlyCount "96"]
[EventDate "2017.??.??"]

1. e4 c5 2. Nf3 d6 3. d4 cxd4 4. Nxd4 Nf6 5. Nc3 a6 6. Bg5 e6 7. Bd3 Be7 8. O-O
O-O 9. h3 Nc6 10. Be3 Ne5 11. Be2 Qc7 12. Nf3 Nc4 13. Bc1 b5 14. a3 Bb7 15. Bd3
Rfd8 16. Qe1 Rac8 17. Nd2 d5 18. Bxc4 bxc4 19. exd5 exd5 20. Ne2 Bc5 21. Nf3 d4
22. Bf4 Qc6 23. Ng3 d3 24. Qc1 dxc2 25. Qxc2 Rd3 26. Ne1 Re8 27. Be3 Bxe3 28.
fxe3 Rdxe3 29. Qf2 $11 Qc7 30. Nf3 Bxf3 31. gxf3 h5 32. Rae1 Qf4 33. Kg2 h4 34.
Ne2 Qg5+ 35. Kh1 Qe5 36. Qxh4 Rxe2 37. Rxe2 Qxe2 38. Rf2 Qd3 39. Kg2 Re1 40.
Qg5 Qb1 41. Qh4 Rg1+ 42. Kh2 Rg6 43. Rg2 Rxg2+ 44. Kxg2 Qxb2+ 45. Kg3 Qe5+ 46.
Kf2 Qc5+ 47. Ke2 c3 48. Kd3 c2 0-1

[Event "SV Hamm 2 - FS Dortmund 1"]
[Site "Verbandsklasse, Gruppe 1 2017"]
[Date "2017.11.05"]
[Round "3.3"]
[White "Grube, Joerg"]
[Black "Fluegel, Thomas"]
[Result "1/2-1/2"]
[WhiteElo "1814"]
[BlackElo "1785"]
[PlyCount "88"]
[EventDate "2017.??.??"]

1. e4 e6 2. d4 d5 3. Nc3 Bb4 4. e5 Ne7 5. a3 Bxc3+ 6. bxc3 c5 7. a4 Qa5 8. Bd2
Nbc6 9. Nf3 Bd7 10. g3 O-O-O 11. Qc1 f6 12. c4 Qc7 13. exf6 gxf6 14. dxc5 Ne5
15. Be2 dxc4 16. O-O Bc6 17. Ne1 h5 18. Bf4 Bd5 19. a5 N7g6 20. a6 Nxf4 21.
axb7+ Bxb7 22. Qxf4 Qc6 23. f3 Qxc5+ 24. Rf2 Rdf8 25. Ng2 a6 26. Ne3 Ng6 27.
Qxc4 Qxc4 28. Bxc4 Re8 29. Bxa6 h4 30. Bxb7+ Kxb7 31. c4 hxg3 32. hxg3 Ne5 33.
f4 Nd3 34. Rd2 Nc5 35. Kg2 Rhg8 36. g4 Kc6 37. Rh1 e5 38. f5 Rg7 39. Rh6 Ne4
40. Rd1 Rf8 41. Kf3 Ng5+ 42. Ke2 Ne4 43. Kf3 Ng5+ 44. Ke2 Ne4 1/2-1/2

[Event "SV Hamm 2 - FS Dortmund 1"]
[Site "Verbandsklasse, Gruppe 1 2017"]
[Date "2017.11.05"]
[Round "3.4"]
[White "Alakbarov, Aleksey"]
[Black "Lauche, Christoph"]
[Result "0-1"]
[WhiteElo "1836"]
[BlackElo "1827"]
[PlyCount "56"]
[EventDate "2017.??.??"]

1. e4 d6 2. d4 Nf6 3. Nc3 Nbd7 4. Bc4 e5 5. Nf3 Be7 6. O-O c6 7. a4 h6 8. h3
Qc7 9. dxe5 dxe5 10. Nh2 g5 11. Bd3 Nf8 12. Be2 Be6 13. Bh5 Ng6 14. Qf3 Nf4 15.
Bxf4 gxf4 16. Rfd1 O-O 17. Bg4 Nxg4 18. Nxg4 Kh7 19. b3 Rg8 20. Rd3 Rg5 21. Kh2
h5 22. Ne3 fxe3 23. Qxe3 Rag8 24. Rg1 f5 25. Qe2 f4 26. h4 Rg4 27. g3 Bxh4 28.
gxh4 Rxh4+ 0-1

[Event "SV Hamm 2 - FS Dortmund 1"]
[Site "Verbandsklasse, Gruppe 1 2017"]
[Date "2017.11.05"]
[Round "3.5"]
[White "Schulz-Runge, Michael"]
[Black "Boelling, Andreas"]
[Result "1-0"]
[WhiteElo "1768"]
[BlackElo "1729"]
[PlyCount "77"]
[EventDate "2017.??.??"]

1. c4 g6 2. Nc3 Bg7 3. g3 e5 4. Bg2 Ne7 5. e3 Nbc6 6. Nge2 f5 7. f4 O-O 8. d3
a5 9. O-O d6 10. Bd2 Be6 11. Nd5 Qd7 12. Bc3 Bf7 13. Qa4 Nxd5 14. cxd5 Nb8 15.
Qb3 Ra6 16. Rac1 c6 17. fxe5 dxe5 18. Rfd1 a4 19. Qa3 Bxd5 20. e4 Be6 21. d4
fxe4 22. Bb4 Rd8 23. Be7 Re8 24. dxe5 Qxe7 25. Qxe7 Rxe7 26. Rd8+ Kf7 27. Rf1+
Bf5 28. g4 Nd7 29. gxf5 Bxe5 30. fxg6+ Kxg6 31. Bxe4+ Kg7 32. Kh1 Bc7 33. Rc8
Nf6 34. Rg1+ Kh6 35. Bf3 Ra5 36. Rf8 Nh5 37. Nd4 Bd6 38. Nf5+ Rxf5 39. Rxf5 1-0

[Event "SV Hamm 2 - FS Dortmund 1"]
[Site "Verbandsklasse, Gruppe 1 2017"]
[Date "2017.11.05"]
[Round "3.6"]
[White "Rosentreter, Burkhard"]
[Black "Potyrala, Lukasz-Rafal"]
[Result "1-0"]
[WhiteElo "1723"]
[BlackElo "1670"]
[PlyCount "99"]
[EventDate "2017.??.??"]

1. d4 e6 2. c4 f5 3. Nc3 Nf6 4. Nf3 c6 5. Bf4 Bb4 6. Qc2 Ne4 7. a3 Qa5 8. Bd2
Bxc3 9. Bxc3 Nxc3 10. Qxc3 Qxc3+ 11. bxc3 Na6 12. e3 Nc7 13. Rb1 O-O 14. Bd3 b6
15. Ne5 Ne8 16. O-O Nf6 17. f3 Bb7 18. c5 b5 19. c4 a6 20. a4 bxc4 21. Bxc4 Ra7
22. Rb6 Rfa8 23. Rfb1 Bc8 24. Rb8 Kf8 25. Rxa8 Rxa8 26. Rb6 Ke7 27. Kf2 Ne8 28.
Ke2 Nc7 29. e4 g6 30. Ke3 fxe4 31. fxe4 Ne8 32. g4 Kd8 33. Nf7+ Kc7 34. e5 Ng7
35. Bd3 Bb7 36. Nd6 Bc8 37. Nxc8 Kxc8 38. Rxa6 Rxa6 39. Bxa6+ Kd8 40. Kf4 h6
41. h4 Ke7 42. Bd3 Kf7 43. a5 Ne8 44. a6 Nc7 45. a7 Nd5+ 46. Kf3 Nc7 47. Ba6
Ke7 48. Bb7 Kd8 49. g5 hxg5 50. hxg5 1-0

[Event "SV Hamm 2 - FS Dortmund 1"]
[Site "Verbandsklasse, Gruppe 1 2017"]
[Date "2017.11.05"]
[Round "3.7"]
[White "Sonntag, Hans-Joachim"]
[Black "Brieger, Sebastian"]
[Result "0-1"]
[WhiteElo "1759"]
[BlackElo "1671"]
[PlyCount "50"]
[EventDate "2017.??.??"]

1. e4 c5 2. Nf3 e6 3. d4 cxd4 4. Nxd4 Nf6 5. Bd3 Nc6 6. c3 d5 7. exd5 Nxd5 8.
Nxc6 bxc6 9. Qg4 Nxc3 10. Qf3 Nd5 11. O-O Qc7 12. Nd2 Bd6 13. g3 O-O 14. Re1
Bb7 15. Nc4 Be7 16. Ne5 Bf6 17. Ng4 Rfd8 18. Nxf6+ Nxf6 19. Bg5 c5 20. Be4 Nxe4
21. Bxd8 Rxd8 22. Rxe4 f5 23. Qb3 Bxe4 24. Qxe6+ Qf7 25. Qe5 Qd5 0-1

[Event "SV Hamm 2 - FS Dortmund 1"]
[Site "Verbandsklasse, Gruppe 1 2017"]
[Date "2017.11.05"]
[Round "3.8"]
[White "Ales Garcia, Jose Luis Gabriel"]
[Black "Bommert, Christian"]
[Result "1/2-1/2"]
[WhiteElo "1556"]
[BlackElo "1724"]
[PlyCount "64"]
[EventDate "2017.??.??"]

1. e4 d5 2. exd5 Qxd5 3. Nc3 Qd6 4. Nb5 Qc6 5. d4 a6 6. d5 Qd7 7. Nc3 Nf6 8.
Bf4 b5 9. Nf3 Bb7 10. Ne5 Qc8 11. Qd4 c5 12. dxc6 Nxc6 13. Nxc6 Qxc6 14. O-O-O
g6 15. Be5 Bg7 16. f3 O-O 17. Bd3 Rfd8 18. Qb4 e6 19. Qh4 Ne8 20. Bxg7 Kxg7 21.
Be4 Rxd1+ 22. Rxd1 Qc4 23. Qe7 Bxe4 24. Nxe4 Rc8 25. c3 Qxa2 26. Rd7 e5 27.
Qxe5+ Kg8 28. Re7 Qa1+ 29. Kc2 Qa4+ 30. Kc1 Qa1+ 31. Kc2 Qa4+ 32. Kc1 Qa1+
1/2-1/2

[Event "SV Günnigfeld 1 - Bochumer SV 2"]
[Site "Verbandsklasse, Gruppe 2 2017"]
[Date "2017.11.05"]
[Round "3.1"]
[White "Kraemer, Matthias"]
[Black "Freisen, Thomas"]
[Result "1-0"]
[WhiteElo "2195"]
[BlackElo "2000"]
[PlyCount "49"]
[EventDate "2017.??.??"]

1. e4 e6 2. d4 d5 3. Nd2 c5 4. Ngf3 cxd4 5. exd5 Qxd5 6. Bc4 Qd6 7. Qe2 Nf6 8.
Nb3 Nc6 9. Bg5 Qb4+ 10. Bd2 Qd6 11. O-O-O Be7 12. Bg5 e5 13. Bb5 Bg4 14. Rhe1
h6 15. Bh4 Bxf3 16. Qxf3 O-O 17. Bg3 Rac8 18. Bxc6 Qxc6 19. Qxc6 Rxc6 20. Bxe5
Ng4 21. Bg3 Bb4 22. Re2 f5 23. Rxd4 Bc5 24. Nxc5 Rxc5 25. Bd6 1-0

[Event "SV Günnigfeld 1 - Bochumer SV 2"]
[Site "Verbandsklasse, Gruppe 2 2017"]
[Date "2017.11.05"]
[Round "3.2"]
[White "Kuekenbrink, Christopher"]
[Black "Spiess, Timo-Christian"]
[Result "1/2-1/2"]
[WhiteElo "1897"]
[BlackElo "2069"]
[Annotator "Daniel"]
[PlyCount "105"]
[EventDate "2017.??.??"]

1. Nf3 f5 2. d3 d6 3. e4 e5 4. Nc3 Nf6 5. exf5 Bxf5 6. d4 e4 7. Nh4 Qd7 8. Nxf5
Qxf5 9. Be2 d5 10. O-O Nbd7 11. Nb5 O-O-O 12. Nxa7+ Kb8 13. Nb5 h5 14. g3 g5
15. f4 g4 16. Qe1 b6 $11 17. Qc3 c6 18. Qxc6 Rc8 19. Nd6 Bxd6 20. Qxd6+ Kb7 21.
Qa3 Ra8 22. Qe3 h4 23. Rf2 hxg3 24. hxg3 Rh6 25. Rg2 Rah8 26. Kf2 Rh1 27. Bf1
Ne8 28. Qa3 e3+ 29. Qxe3 Qxc2+ 30. Qe2 Qf5 31. Qa6+ Kb8 32. Qd3 Rxf1+ 33. Qxf1
Nef6 34. Be3 Ne4+ 35. Ke2 Nd6 36. Rc1 Re8 37. Kd2 Qe4 38. Rc3 Nc4+ 39. Rxc4
dxc4 40. Qe2 Nf6 41. Rg1 b5 42. f5 Qxf5 43. Rf1 Ne4+ 44. Kc1 Qd5 45. Qxg4 c3
46. Qf4+ Ka8 47. Qf7 cxb2+ 48. Kxb2 Qxf7 49. Rxf7 Nd6 50. Rd7 Nc4+ 51. Kc3
Rxe3+ 52. Kb4 Rxg3 53. Kxb5 1/2-1/2

[Event "SV Günnigfeld 1 - Bochumer SV 2"]
[Site "Verbandsklasse, Gruppe 2 2017"]
[Date "2017.11.05"]
[Round "3.3"]
[White "Niekrens, Stefan"]
[Black "Markus, Peter"]
[Result "1-0"]
[WhiteElo "2020"]
[BlackElo "1935"]
[Annotator "Daniel"]
[PlyCount "79"]
[EventDate "2017.??.??"]

1. e4 e5 2. Nf3 Nc6 3. Nc3 Nf6 4. d4 exd4 5. Nxd4 Bb4 6. Nxc6 bxc6 7. Bd3 O-O
8. Bg5 Re8 9. O-O Rb8 10. f4 Be7 11. e5 Nd5 12. Ne4 d6 13. Qh5 g6 14. Qh4 Bf5
15. Bxe7 Qxe7 16. Ng5 f6 17. exf6 Nxf6 18. Bxf5 gxf5 19. Rae1 Ne4 20. g4 Qg7
21. Nxe4 Rxe4 22. Rxe4 fxe4 23. b3 Rf8 24. f5 h6 25. f6 Qg6 26. Rf5 Kf7 27. h3
Ke6 28. Qe1 Rxf6 29. Qxe4+ Kd7 30. Kh2 Rxf5 31. gxf5 Qf6 32. Kg3 Qg5+ 33. Qg4
Qe3+ 34. Kh4 Ke7 35. Qg7+ Ke8 36. Qg8+ Ke7 37. Qe6+ Qxe6 38. fxe6 d5 39. Kh5
Kxe6 40. Kxh6 {ZAo} 1-0

[Event "SV Günnigfeld 1 - Bochumer SV 2"]
[Site "Verbandsklasse, Gruppe 2 2017"]
[Date "2017.11.05"]
[Round "3.4"]
[White "Radi, Guenter"]
[Black "Goralski, Christian"]
[Result "0-1"]
[WhiteElo "1891"]
[BlackElo "1974"]
[PlyCount "98"]
[EventDate "2017.??.??"]

1. d4 d5 2. Nf3 Nf6 3. c4 dxc4 4. Nc3 e6 5. e3 a6 6. Bxc4 b5 7. Be2 Bb7 8. O-O
c5 9. dxc5 Bxc5 10. Qxd8+ Kxd8 11. a3 Nbd7 12. b4 Bd6 13. Bb2 Ke7 14. Rfd1 Rac8
15. Rac1 Nb6 16. Nb1 Bd5 17. Nbd2 Rhg8 18. Bd3 Na4 19. Ba1 Bb7 20. Ng5 h6 21.
Nge4 Bc7 22. Nxf6 gxf6 23. Be4 Bxe4 24. Nxe4 Be5 25. Bxe5 fxe5 26. g3 f5 27.
Nd2 Nc3 28. Rxc3 Rxc3 29. Nf3 Kf6 30. Rd7 Rh8 31. Rd6 Rxa3 32. Rc6 Rd8 33. Rc7
f4 34. Kg2 fxe3 35. fxe3 e4 36. Nh4 Rd2+ 37. Kh3 Rxe3 38. Rh7 Ree2 39. Rxh6+
Ke5 40. Kg4 Rxh2 41. Rh5+ Kd4 42. Rc5 Rc2 43. Rg5 Rhf2 44. Rg6 Rc6 45. Rg8 Kc3
46. Kh3 e3 47. Rg4 Kd3 48. Ng2 e5 49. Rg5 Rh6+ 0-1

[Event "SV Günnigfeld 1 - Bochumer SV 2"]
[Site "Verbandsklasse, Gruppe 2 2017"]
[Date "2017.11.05"]
[Round "3.5"]
[White "Peters, Olaf"]
[Black "Funke, Eckhard"]
[Result "1/2-1/2"]
[WhiteElo "1878"]
[BlackElo "1764"]
[PlyCount "47"]
[EventDate "2017.??.??"]

1. c4 Nf6 2. Nc3 e6 3. e4 c5 4. g3 Nc6 5. Bg2 d6 6. Nge2 e5 7. O-O Be7 8. d3
Nd4 9. h3 Be6 10. f4 Qc8 11. f5 Bd7 12. g4 h6 13. Ng3 Bc6 14. Rb1 Qc7 15. a3 a5
16. a4 b6 17. b3 O-O-O 18. Be3 Rdf8 19. Bxd4 exd4 20. Nd5 Bxd5 21. exd5 Nd7 22.
Ne4 Bg5 23. Qe1 f6 24. Qg3 1/2-1/2

[Event "SV Günnigfeld 1 - Bochumer SV 2"]
[Site "Verbandsklasse, Gruppe 2 2017"]
[Date "2017.11.05"]
[Round "3.6"]
[White "Bender, Markus"]
[Black "Bautz, Volker"]
[Result "1/2-1/2"]
[WhiteElo "1808"]
[BlackElo "1823"]
[Annotator "Daniel"]
[PlyCount "88"]
[EventDate "2017.??.??"]

1. e4 c5 2. Nf3 d6 3. c3 Nc6 4. Bc4 Nf6 5. Qe2 Bg4 6. h3 Bxf3 7. Qxf3 a6 8. Bb3
g6 9. d3 Bg7 10. Nd2 O-O 11. Nf1 Rc8 12. Ne3 e6 13. Ng4 h5 14. Nxf6+ Bxf6 15.
g4 h4 16. Be3 b5 17. Qe2 b4 18. Bd2 bxc3 19. Bxc3 Bxc3+ 20. bxc3 Qf6 21. Rc1
Qf4 22. Qe3 Ne5 23. Ke2 Qxe3+ 24. Kxe3 c4 25. dxc4 Nxc4+ 26. Bxc4 Rxc4 27. Rhd1
Rd8 28. Rd4 Rc5 29. c4 Ra5 30. Rc2 Kf8 31. Rd3 Ke7 32. Rb3 g5 33. f4 f6 34. a3
Rd7 35. Rcc3 Rc7 36. f5 Rac5 37. Kd3 R5c6 38. fxe6 Kxe6 39. Kd4 Rc5 $11 40. Rb6
R5c6 41. Rxc6 Rxc6 42. Rb3 Rc5 43. Rc3 Ra5 44. Rf3 Ra4 1/2-1/2

[Event "SV Günnigfeld 1 - Bochumer SV 2"]
[Site "Verbandsklasse, Gruppe 2 2017"]
[Date "2017.11.05"]
[Round "3.7"]
[White "Hirmer, Raimund"]
[Black "Brinkmann, Uwe"]
[Result "1/2-1/2"]
[WhiteElo "1789"]
[BlackElo "1932"]
[PlyCount "34"]
[EventDate "2017.??.??"]

1. d4 Nf6 2. Bf4 e6 3. e3 d5 4. Nf3 Nbd7 5. Nbd2 c5 6. c3 Be7 7. h3 b6 8. Bd3
Bb7 9. O-O O-O 10. Ne5 Nxe5 11. Bxe5 Nd7 12. Bg3 Bf6 13. f4 g6 14. Nf3 Bg7 15.
a4 a5 16. Bb5 Ba6 17. Bxa6 Rxa6 1/2-1/2

[Event "SV Günnigfeld 1 - Bochumer SV 2"]
[Site "Verbandsklasse, Gruppe 2 2017"]
[Date "2017.11.05"]
[Round "3.8"]
[White "Brandhoff, Gerd"]
[Black "Fraenkel, Karlheinz"]
[Result "1/2-1/2"]
[WhiteElo "1804"]
[BlackElo "1795"]
[PlyCount "63"]
[EventDate "2017.??.??"]

1. e4 e5 2. Nf3 Nc6 3. Bc4 Bc5 4. Nc3 Nf6 5. d3 h6 6. O-O O-O 7. a3 a6 8. Bd2
d6 9. h3 Ne7 10. Qc1 Kh7 11. Ne2 c6 12. Ng3 d5 13. exd5 cxd5 14. Ba2 e4 15.
dxe4 dxe4 16. Ne5 Qd6 17. Bc3 Be6 18. Bxe6 Qxe6 19. Kh1 Ned5 20. f4 Nxc3 21.
bxc3 Bd6 22. Qe3 Bxe5 23. fxe5 Qxe5 24. Rae1 Rfe8 25. Rf4 Qa5 26. Nxe4 Nd5 27.
Qd3 Kg8 28. Rf5 Rad8 29. Ref1 Qa4 30. Rxd5 Rxd5 31. Qxd5 Qxe4 32. Qxf7+ 1/2-1/2

[Event "SV Horst-Emscher 2 - SG Höntrop 1"]
[Site "Verbandsklasse, Gruppe 2 2017"]
[Date "2017.11.05"]
[Round "3.1"]
[White "Oberbarnscheidt, Ludger"]
[Black "Patzer, Joerg"]
[Result "1/2-1/2"]
[WhiteElo "2032"]
[BlackElo "1887"]
[Annotator "Daniel"]
[PlyCount "38"]
[EventDate "2017.??.??"]

1. b3 d5 2. Bb2 c5 3. e3 Nf6 4. Nf3 e6 5. d4 Nc6 6. Nbd2 Be7 7. a3 b6 8. Bd3
Bb7 9. O-O Rc8 10. Ne5 Qc7 11. f4 g6 12. Qf3 cxd4 13. exd4 O-O $11 14. c3 Ne8
15. Rae1 Nxe5 16. fxe5 f5 17. exf6 Rxf6 18. Qg4 Ng7 19. Nf3 Rcf8 1/2-1/2

[Event "SV Horst-Emscher 2 - SG Höntrop 1"]
[Site "Verbandsklasse, Gruppe 2 2017"]
[Date "2017.11.05"]
[Round "3.2"]
[White "Rebentisch, Tom"]
[Black "Rostek, Joerg"]
[Result "1/2-1/2"]
[WhiteElo "1914"]
[BlackElo "1954"]
[PlyCount "38"]
[EventDate "2017.??.??"]

1. e4 c6 2. d4 d5 3. Nc3 dxe4 4. Nxe4 Bf5 5. Ng3 Bg6 6. Nf3 Nd7 7. Bc4 e6 8.
O-O Ngf6 9. Nh4 Nd5 10. Nxg6 hxg6 11. Qf3 Qh4 12. h3 Qxd4 13. Bb3 Qf6 14. Qe2
O-O-O 15. c4 Nf4 16. Qe3 g5 17. Ne4 Qh6 18. Nxg5 Qxg5 19. Qxf4 Qxf4 1/2-1/2

[Event "SV Horst-Emscher 2 - SG Höntrop 1"]
[Site "Verbandsklasse, Gruppe 2 2017"]
[Date "2017.11.05"]
[Round "3.3"]
[White "Drzasga, Michael"]
[Black "Tobczewski, Peter"]
[Result "1-0"]
[WhiteElo "1983"]
[BlackElo "1833"]
[PlyCount "43"]
[EventDate "2017.??.??"]

1. d4 d5 2. c4 Nc6 3. e3 Nf6 4. Nc3 e6 5. Nf3 Bb4 6. a3 Bxc3+ 7. bxc3 O-O 8.
Be2 Ne4 9. Qc2 Ne7 10. Nd2 Nxd2 11. Bxd2 c6 12. O-O Qc7 13. f3 e5 14. cxd5 cxd5
15. Rfc1 Bd7 16. Qb3 b5 17. e4 Bc6 18. exd5 Nxd5 19. c4 bxc4 20. Qxc4 Rfc8 21.
Qc5 exd4 22. Ba6 1-0

[Event "SV Horst-Emscher 2 - SG Höntrop 1"]
[Site "Verbandsklasse, Gruppe 2 2017"]
[Date "2017.11.05"]
[Round "3.4"]
[White "Eckardt, Samuel"]
[Black "Jedner, Volker"]
[Result "0-1"]
[WhiteElo "1807"]
[BlackElo "1832"]
[PlyCount "62"]
[EventDate "2017.??.??"]

1. d4 d5 2. Nf3 c6 3. Bf4 Nf6 4. e3 Bg4 5. h3 Bh5 6. Nbd2 e6 7. c3 Bd6 8. Bxd6
Qxd6 9. Qb3 b6 10. c4 O-O 11. Rc1 Nbd7 12. cxd5 cxd5 13. Ba6 Rad8 14. O-O Nb8
15. Qb5 Nxa6 16. Qxa6 Qb4 17. b3 Bxf3 18. Nxf3 Ne4 19. Rc2 Qa5 20. Qxa5 bxa5
21. Rfc1 Rb8 22. Rc7 a4 23. Rxa7 axb3 24. axb3 Rxb3 25. Rcc7 Rb1+ 26. Kh2 Nxf2
27. Ne5 Rh1+ 28. Kg3 Ne4+ 29. Kh4 Rf1 30. g4 g5+ 31. Kh5 Rh1 0-1

[Event "SV Horst-Emscher 2 - SG Höntrop 1"]
[Site "Verbandsklasse, Gruppe 2 2017"]
[Date "2017.11.05"]
[Round "3.5"]
[White "Koch, Burkhard"]
[Black "Hiebsch, Catalina"]
[Result "0-1"]
[WhiteElo "1769"]
[BlackElo "1798"]
[PlyCount "36"]
[EventDate "2017.??.??"]

1. e4 c5 2. Nf3 g6 3. Bc4 Nc6 4. Nc3 d6 5. O-O Bg7 6. Ng5 Ne5 7. Bb5+ Bd7 8. f4
Bxb5 9. Nxb5 Nc6 10. e5 h6 11. Nxf7 Kxf7 12. e6+ Kxe6 13. d4 Nxd4 14. Qg4+ Kf7
15. f5 g5 16. Qh5+ Kf8 17. f6 Nxf6 18. Nxd4 cxd4 0-1

[Event "SV Horst-Emscher 2 - SG Höntrop 1"]
[Site "Verbandsklasse, Gruppe 2 2017"]
[Date "2017.11.05"]
[Round "3.6"]
[White "Verfuerth, Christian"]
[Black "Artz, Klaus"]
[Result "1/2-1/2"]
[WhiteElo "1877"]
[BlackElo "1844"]
[PlyCount "108"]
[EventDate "2017.??.??"]

1. d4 d5 2. Nf3 e6 3. e3 f5 4. c4 Nf6 5. b3 Nbd7 6. Bd3 c6 7. O-O Bd6 8. cxd5
cxd5 9. Ba3 Qe7 10. Bxd6 Qxd6 11. Nc3 a6 12. Rc1 O-O 13. Qe2 g6 14. Rc2 b5 15.
Qd2 Bb7 16. Ne2 Ne4 17. Bxe4 fxe4 18. Ne1 Rac8 19. Rxc8 Rxc8 20. Nc2 Nf6 21. f4
exf3 22. gxf3 Nh5 23. Rc1 Qf8 24. Ne1 Rxc1 25. Qxc1 Qd8 26. Nd3 g5 27. Ne5 Qc8
28. Qxc8+ Bxc8 29. b4 Kf8 30. Nc1 Ng7 31. Ncd3 Nf5 32. Kf2 Ne7 33. Nc5 Kg7 34.
Kg3 Nf5+ 35. Kf2 Ne7 36. e4 h5 37. Kg3 g4 38. fxg4 hxg4 39. Kxg4 dxe4 40. Nxe4
Nf5 41. Kg5 Bb7 42. Nc5 Bd5 43. a3 Nxd4 44. Nxa6 Nc2 45. h4 Nxa3 46. h5 Be4 47.
Nc7 Bf5 48. Ne8+ Kf8 49. Nd6 Bb1 50. Kf6 Nc2 51. Nc6 Kg8 52. Nxb5 Kh7 53. Kg5
e5 54. Nxe5 Nxb4 1/2-1/2

[Event "SV Horst-Emscher 2 - SG Höntrop 1"]
[Site "Verbandsklasse, Gruppe 2 2017"]
[Date "2017.11.05"]
[Round "3.7"]
[White "Barth, Hans-Joachim"]
[Black "Schreiner, Paulo"]
[Result "1/2-1/2"]
[WhiteElo "1676"]
[BlackElo "1790"]
[PlyCount "118"]
[EventDate "2017.??.??"]

1. e4 e6 2. d4 d5 3. e5 c5 4. c3 Nc6 5. Nf3 Qb6 6. a3 Nh6 7. b4 cxd4 8. cxd4
Nf5 9. Bb2 Bd7 10. Nc3 Ncxd4 11. Nxd4 Nxd4 12. Nxd5 Nc2+ 13. Qxc2 exd5 14. Qd2
Be6 15. Bd4 Qc6 16. Bd3 Be7 17. O-O O-O 18. f4 Rfc8 19. f5 Bd7 20. f6 Bf8 21.
b5 Qc7 22. fxg7 Bxg7 23. Bxh7+ Kxh7 24. Rxf7 Rf8 25. Rxg7+ Kxg7 26. Qg5+ Kf7
27. Rf1+ Ke8 28. Qg6+ Ke7 29. Qg7+ Ke6 30. Rxf8 Rxf8 31. Qxf8 Qc1+ 32. Qf1
Qxf1+ 33. Kxf1 Kf5 34. Bxa7 Bxb5+ 35. Kf2 Kxe5 36. Ke3 Kf5 37. Kf3 Bd3 38. g4+
Kg5 39. Kg3 Kf6 40. Bd4+ Kg6 41. Kf4 Kh6 42. a4 Be4 43. a5 Bd3 44. h4 Be4 45.
Ke5 Bf3 46. Kf5 Be4+ 47. Kf6 Bf3 48. Be3+ Kh7 49. Kg5 Be2 50. Kf5 Bd3+ 51. Kf6
Be2 52. g5 Bh5 53. Ke5 d4 54. Bxd4 Kg6 55. Be3 Bd1 56. Ke6 Bf3 57. Ke7 Bh5 58.
Kd6 Bg4 59. Kc7 Bf3 1/2-1/2

[Event "SV Horst-Emscher 2 - SG Höntrop 1"]
[Site "Verbandsklasse, Gruppe 2 2017"]
[Date "2017.11.05"]
[Round "3.8"]
[White "Rebentisch, Sebastian"]
[Black "Tolksdorf, Juergen"]
[Result "1-0"]
[WhiteElo "1762"]
[BlackElo "1645"]
[PlyCount "59"]
[EventDate "2017.??.??"]

1. e4 e5 2. Nf3 Nc6 3. Bb5 d6 4. O-O a6 5. Bxc6+ bxc6 6. Re1 Be7 7. c3 c5 8. d3
Nf6 9. Nbd2 O-O 10. Nf1 h6 11. Ng3 Nh7 12. h3 Be6 13. Be3 Ng5 14. d4 cxd4 15.
cxd4 f5 16. Bxg5 Bxg5 17. exf5 Bxf5 18. dxe5 Be7 19. exd6 Bxd6 20. Nxf5 Rxf5
21. Nd4 Rd5 22. Qb3 Kh8 23. Rad1 Rb8 24. Qa4 Rxb2 25. Re8+ Bf8 26. Rxd8 Rxd8
27. Ne6 Rxd1+ 28. Qxd1 Bd6 29. g3 Rxa2 30. Qd4 1-0

[Event "Rochade Steele/Kray 1 - SF Kirchhellen "]
[Site "Verbandsklasse, Gruppe 2 2017"]
[Date "2017.11.05"]
[Round "3.1"]
[White "Sinnwell, Horst"]
[Black "Happe, Ulrich"]
[Result "1/2-1/2"]
[WhiteElo "2076"]
[BlackElo "2105"]
[PlyCount "75"]
[EventDate "2017.??.??"]

1. Nf3 d5 2. c4 c6 3. e3 Nf6 4. d4 e6 5. Nbd2 Bd6 6. Bd3 O-O 7. b3 Nbd7 8. Bb2
Qe7 9. O-O e5 10. dxe5 Nxe5 11. Nxe5 Bxe5 12. Qc2 Bxb2 13. Qxb2 Re8 14. h3 Be6
15. Rfd1 Rad8 16. Qc2 h6 17. Nf3 c5 18. Be2 b6 19. Rac1 Bc8 20. cxd5 Nxd5 21.
Bb5 Rf8 22. Qb2 Bb7 23. Rd2 Nf6 24. Rcd1 Bxf3 25. gxf3 Rxd2 26. Qxd2 Qb7 27.
Be2 Re8 28. Qd6 Re6 29. Qf4 Qc8 30. Bc4 Re7 31. Rd6 Ne8 32. Qh4 Nxd6 33. Qxe7
Nxc4 34. bxc4 Qb8 35. Kg2 a6 36. e4 Qc8 37. a4 g6 38. Qa7 1/2-1/2